000 01404cab a2200157 4500
001 L130639
008 050819n2005 000 0 eng u
035 _a(Sirsi) u130639
041 _aeng
245 _aRICS helps historic survey arc gain UNESCO world heritage site status
260 _c2005
520 _aOne of the 17 new historic sites granted UNESCO world heritage site status in July 2005 is of particular importance and interest to surveyors. This accolade has been given to the Struve Arc which runs for over 2 820 km from Norway to the Black Sea. The Struve Arc was one of the defining geodetic survey measurements of the 19th century and equal in importance to the Great Arc of India surveyed by Lambton and Everest. The Struve Arc facilitated the first accurate measurement of a long section of a meridian arc (line of longitude), enabling a more accurate measurement of the earth's circumference and greater datum precision. RICS Education Trust and RICS Geomatics sponsored the FIG history of surveying working group's successful application to UNESCO. Notable RICS Chartered Land Surveyors Jim Smith and David Wallis were members of the group.
690 _aENVIRONMENTAL AND LAND CONSULTANCY-GEOMATICS-MAPPING AND POSITIONING
856 _uhttps://www.rics.org/AboutRICS/RICSfaculties/RICSGeomaticsFaculty/struve_arc.htm
_zView this item free of charge at www.rics.org...
942 _n0
999 _c75752
_d75752